Statistics for Largest Islands Quiz

Click here to take the quiz!

General Stats

  • This quiz has been taken 30 times
  • The average score is 11 of 15

Answer Stats

#RankAreaIsland% Correct
4587,041Madagascar
100%
12,130,800Greenland
88%
9209,331Great Britain
84%
2785,753New Guinea
84%
3748,168Borneo
76%
7225,800Honshu
76%
13138,794Java
76%
6443,065Sumatra
76%
14111,583North Island
72%
12145,836South Island
72%
5507,451Baffin Island
64%
15109,965Luzon
64%
11180,681Sulawesi
60%
10196,236Ellesmere Island
44%
8217,291Victoria
44%

Score Distribution

Percentile by Number Answered

Percent of People with Each Score

Your Score History

You have not taken this quiz